LEADER 00792nam a2200229 i 4500 001 000000165014 003 CaOOAMICUS 005 20071005000000.0 008 071005s1971 it u000 u ita u 013 $a142382 040 $aSeMil$bita 100 1 $aAsturias, Miguel Angel,$d<1899-1974>.$0(OLS)http://semarc/name/30018 245 13$aIl ladrone /$cMiguel Angel Asturias. 260 $aMilano :$bRizzoli,$c1971. 300 $a255 p. ;$c23 cm. 490 0 $aLa scala 830 3$aLa scala.$0(OLS)http://semarc/title/7359 850 $aSeMil 852 $aSeMil$W1$xVenegono$y1$m1U VI 46$j240223$B116213$CSeMilBibl$Z2$F127122 $81 961 $aRecupero: Altro 996 $6245$aIl ladrone$9(OLS)http://semarc/title/235463 996 $6260$aMilano :$bRizzoli$9(OLS)http://semarc/publisher/29824 LEADER 01060nam a2200217 i 4500 001 000000067433 003 CaOOAMICUS 005 20101119000000.0 008 101119s1995 it u000 u ita u 013 $a38605 040 $aSeMil$bita 245 10$aIndice analitico delle voci e dei temi d'interesse spirituale apostolico presenti negli scritti di don Luigi Palazzolo. 260 $aMilano :$bIstituto Palazzolo Suore delle Poverelle,$c1995. 300 $a29 p. ;$c20 cm. 600 14$aPalazzolo, Luigi Maria .$0(OLS)http://semarc/subject/13202 650 4$aEpistolari cristiani.$0(OLS)http://semarc/subject/1101 850 $aSeMil 852 $aSeMil$W1$xVenegono$y1$m3J I 333/1$j33586$B33586$CSeMilBibl$Z2$F33589 $81 961 $aOmaggio: Patti mons. Francesco 996 $6245$aIndice analitico delle voci e dei temi d'interesse spirituale apostolico presenti negli scritti di don Luigi Palazzolo$9(OLS)http://semarc/title/107467 996 $6260$aMilano :$bIstituto Palazzolo Suore delle Poverelle$9(OLS)http://semarc/publisher/42572